Car Models by Definition Quiz Stats

 Plays Quiz Updated Nov 27, 2018

Support Sporcle.
Go Orange.
Score 0/16 Timer 06:00
0 Plays Today
Definition Car Model % Correct
a small, hardy horse of the American plains, descended from Spanish stock.Mustang (Ford)
74.7%
one of the vast, nearly level, treeless plains of the arctic regions of Europe, Asia, and North America.Tundra (Toyota)
57.5%
a person born under this sign, usually between April 20th and May 20th.Taurus (Ford)
57.4%
an origin, creation, or beginning; or an old Sega consoleGenesis (Hyundai)
48.5%
to slip or get away, as from confinement or restraint; gain or regain libertyEscape (Ford)
44.6%
an excursion, journey, or voyage made for some specific purpose, as of war or exploration.Expedition (Ford)
38.7%
the spiritual part of humans regarded in its moral aspect, or as believed to survive death and be subject to happiness or misery in a life to come or a popular type of trainSoul (Kia)
35.6%
a scaling or mounting by means of ladders, esp. in an assault upon a fortified place or a favorite vehicle of Tiger WoodsEscalade (Cadillac)
32.1%
Definition Car Model % Correct
a cowboy, esp. one in charge of saddle horses.Wrangler (Jeep)
30.9%
of or pertaining to a city; municipalCivic (Honda)
29%
a person who makes or repairs casks, barrels, etc.Cooper (MINI)
19.1%
any of various major automobile races over a long, arduous course, esp. an international car race held each year over the same courseGrand Prix (Pontiac)
18.7%
a warship of the old sailing class, having a flush deck and usually one tier of guns.Corvette (Chevrolet)
17.1%
to pass or move over, along, or through.Traverse (Chevrolet)
11.5%
an island suburb of Venice: cathedral; noted for Venetian glass manufacture.Murano (Nissan)
11.4%
a component or constituent of a whole or one of the parts into which a whole may be resolved by analysis or a popular skateboard companyElement (Honda)
9.7%

From the Vault

Big 4 Longest Playoff Runs

by Quibe

Sports 4m
In another couple of years the Red Wings might just make this list, the Lions, not so much.
Remove Ads.
Support Sporcle.
Get the best of Sporcle when you Go Orange. This ad-free experience offers more features, more stats, and more fun while also helping to support Sporcle. Thank you for becoming a member.

Show Comments

Extras

Top Quizzes Today


Score Distribution

Your Account Isn't Verified!

In order to create a playlist on Sporcle, you need to verify the email address you used during registration. Go to your Sporcle Settings to finish the process.

Report this User

Report this user for behavior that violates our Community Guidelines.

Details: